Statistics for Title in the Lyrics- Mötley Crüe

Click here to take the quiz!

General Stats

  • This quiz has been taken 240 times
  • The average score is 7 of 11

Answer Stats

HintAnswer% Correct
_____, _____, _____ red lips, fingertipsGirls, Girls, Girls
96%
He's the one you call __. ________, he's the one that makes you feel alrightDr. Feelgood
91%
Cuz I'm Alive! ____ ____Live Wire
91%
It's the same ol', ____ __' _________Same Ol' Situation
85%
I'm on my way, just set me free, ____ _____ ____Home Sweet Home
78%
Take a ride on the ____ ____!Wild Side
75%
She's got the _____ ____ ____Looks That Kill
68%
She's so sticky, she's so sticky, she's so ______ _____Sticky Sweet
54%
One day you will confess, and pray to the ______ __ ___ _______Saints of Los Angeles
36%
_______ ___, there's no changeWithout You
18%
Give me ___ ____The Dirt
15%

Score Distribution

Percentile by Number Answered

Percent of People with Each Score

Your Score History

You have not taken this quiz